Technician unit 12: Drafting financial statements (Central government): For assessment in December 2004 and June 2005. (Record no. 2971)

MARC details
005 - DATE AND TIME OF LATEST TRANSACTION
control field 20250602091344.0
020 ## - INTERNATIONAL STANDARD BOOK NUMBER
International Standard Book Number 0-7517-1612-X
082 ## - DEWEY DECIMAL CLASSIFICATION NUMBER
Classification number LECT 657.3 AAT
111 ## - MAIN ENTRY--MEETING NAME
Meeting name or jurisdiction name as entry element AAT
245 ## - TITLE STATEMENT
Title Technician unit 12: Drafting financial statements (Central government): For assessment in December 2004 and June 2005.
260 ## - PUBLICATION, DISTRIBUTION, ETC.
Place of publication, distribution, etc. London,
Name of publisher, distributor, etc. BPP professional education,
Date of publication, distribution, etc. 2004.
300 ## - PHYSICAL DESCRIPTION
Extent xviii, 232p.: ill.; figure, picture, table.
Dimensions 30cm.
856 ## - ELECTRONIC LOCATION AND ACCESS
Link text Access online book
Electronic name Technician unit 12: Drafting financial statements (Central government): For assessment in December 2004 and June 2005.
Path ww.bpp.com
942 ## - ADDED ENTRY ELEMENTS (KOHA)
Source of classification or shelving scheme Dewey Decimal Classification
Koha item type Books
Holdings
Date last seen Total checkouts Full call number Barcode Cost, replacement price Price effective from Koha item type Lost status Source of classification or shelving scheme Damaged status Not for loan Withdrawn status Home library Current library Shelving location Date acquired Cost, normal purchase price
06/29/2025   657.3 AAT DOM000746 83655.00 06/29/2025 Books   Dewey Decimal Classification       CBE Dodoma CBE Dodoma General Collection 11/01/2006 27800.00
06/02/2025   LECT 657.3 AAT 00000010586 83655.00 06/02/2025 Books   Dewey Decimal Classification       College of Business Education Main Library College of Business Education Main Library General Collection 11/01/2006 27885.00